Southeast Asian Capital Cities - Statistics

General Stats
  • This quiz has been taken 44 times
  • The average score is 5 of 7
Answer Stats
Country Capital % Correct
Singapore Singapore
100%
Thailand Bangkok
94%
Vietnam Hanoi
94%
Laos Vientiane
82%
Cambodia Phnom Penh
71%
Malaysia Kuala Lumpur
65%
Myanmar Nay Pyi Taw
24%
No matching quizzes found
Score Distribution
Percent of People with Each Score
Percentile by Number Answered
Your Score History
You have not taken this quiz